False Information Quiz #1 - Statistics

General Stats
  • This quiz has been taken 8 times
  • The average score is 4 of 15
Answer Stats
Question Answer % Correct
What is the most populous Country? Vatican City
75%
How old are you? 2
50%
Who is Donald Trump? Your dog
50%
How many letters are in the alphabet? 3387483920789
38%
How do you spell Halloween Hallougheen
38%
What is the least populous country? Myanmar
25%
Did you like my quiz? NO
25%
What is the largest US state? Texas
25%
What is the most populous state in the US? wyoming
25%
What question are you on? 12
13%
How many countries are there? 200
13%
What is the worlds population? 300
13%
How many people live in canada 7738839920
13%
What animal goes Meow? Dog
13%
What's my name? Samantha
13%
No matching quizzes found
Score Distribution
Percent of People with Each Score
Percentile by Number Answered
Your Score History
You have not taken this quiz